<?xml version="1.0" encoding="UTF-8"?>
<record
    xmlns:xsi="http://www.w3.org/2001/XMLSchema-instance"
    xsi:schemaLocation="http://www.loc.gov/MARC21/slim http://www.loc.gov/standards/marcxml/schema/MARC21slim.xsd"
    xmlns="http://www.loc.gov/MARC21/slim">

  <leader>01696cam a2200469 i 4500</leader>
  <controlfield tag="001">0005824021</controlfield>
  <controlfield tag="003">OSt</controlfield>
  <controlfield tag="005">20260328115425.0</controlfield>
  <controlfield tag="007">ta</controlfield>
  <controlfield tag="008">180412t20182018fr ||||j      000 1 fre  </controlfield>
  <datafield tag="020" ind1=" " ind2=" ">
    <subfield code="a">9791026402039 (reli&#xEF;&#xBF;&#xBD;)</subfield>
  </datafield>
  <datafield tag="024" ind1="3" ind2=" ">
    <subfield code="a">9791026402039</subfield>
  </datafield>
  <datafield tag="040" ind1=" " ind2=" ">
    <subfield code="a">SDM</subfield>
    <subfield code="b">fre</subfield>
    <subfield code="e">rda</subfield>
    <subfield code="d">SQTD</subfield>
    <subfield code="d">QMBND</subfield>
  </datafield>
  <datafield tag="041" ind1="1" ind2=" ">
    <subfield code="a">fre</subfield>
    <subfield code="h">spa</subfield>
  </datafield>
  <datafield tag="082" ind1="0" ind2="5">
    <subfield code="a">868.7</subfield>
    <subfield code="b">L791t</subfield>
    <subfield code="2">23</subfield>
  </datafield>
  <datafield tag="082" ind1="0" ind2="5">
    <subfield code="a">ALB LLE</subfield>
    <subfield code="b">L791t</subfield>
    <subfield code="2">23</subfield>
  </datafield>
  <datafield tag="091" ind1="0" ind2=" ">
    <subfield code="a">LLE</subfield>
  </datafield>
  <datafield tag="100" ind1="1" ind2=" ">
    <subfield code="a">Llenas, Anna,</subfield>
    <subfield code="d">1977-</subfield>
    <subfield code="e">auteur,</subfield>
    <subfield code="e">illustrateur.</subfield>
  </datafield>
  <datafield tag="240" ind1="1" ind2="0">
    <subfield code="a">Topito terremoto.</subfield>
    <subfield code="l">Fran&#xE7;ais</subfield>
  </datafield>
  <datafield tag="245" ind1="1" ind2="0">
    <subfield code="a">Th&#xE9;o la tornade /</subfield>
    <subfield code="c">Anna Llenas ; traduction de Lucile Galliot.</subfield>
  </datafield>
  <datafield tag="264" ind1=" " ind2="1">
    <subfield code="a">Paris :</subfield>
    <subfield code="b">&#xC9;ditions Quatre fleuves,</subfield>
    <subfield code="c">[2018]</subfield>
  </datafield>
  <datafield tag="264" ind1=" " ind2="4">
    <subfield code="c">&#xEF;&#xBF;&#xBD;2018</subfield>
  </datafield>
  <datafield tag="300" ind1=" " ind2=" ">
    <subfield code="a">49 pages non num&#xEF;&#xBF;&#xBD;rot&#xEF;&#xBF;&#xBD;es :</subfield>
    <subfield code="b">illustrations en couleur ;</subfield>
    <subfield code="c">28 cm.</subfield>
  </datafield>
  <datafield tag="336" ind1=" " ind2=" ">
    <subfield code="a">texte</subfield>
    <subfield code="b">txt</subfield>
    <subfield code="2">rdacontent</subfield>
  </datafield>
  <datafield tag="337" ind1=" " ind2=" ">
    <subfield code="a">sans m&#xEF;&#xBF;&#xBD;diation</subfield>
    <subfield code="b">n</subfield>
    <subfield code="2">rdamedia</subfield>
  </datafield>
  <datafield tag="338" ind1=" " ind2=" ">
    <subfield code="a">volume</subfield>
    <subfield code="b">nc</subfield>
    <subfield code="2">rdacarrier</subfield>
  </datafield>
  <datafield tag="500" ind1=" " ind2=" ">
    <subfield code="a">Traduction de: Topito terremoto.</subfield>
  </datafield>
  <datafield tag="500" ind1=" " ind2=" ">
    <subfield code="a">Titre catalan: Talpet terratr&#xEF;&#xBF;&#xBD;mol.</subfield>
  </datafield>
  <datafield tag="500" ind1=" " ind2=" ">
    <subfield code="a">"En l'honneur des enfants hyper... fantastiques!"--Couverture.</subfield>
  </datafield>
  <datafield tag="650" ind1=" " ind2="7">
    <subfield code="a">Enfants hyperactifs</subfield>
    <subfield code="v">Fiction</subfield>
    <subfield code="2">vmj</subfield>
  </datafield>
  <datafield tag="650" ind1=" " ind2="7">
    <subfield code="a">&#xEF;&#xBF;&#xBD;coles</subfield>
    <subfield code="v">Fiction</subfield>
    <subfield code="2">vmj</subfield>
  </datafield>
  <datafield tag="650" ind1=" " ind2="7">
    <subfield code="a">Troubles du comportement</subfield>
    <subfield code="v">Fiction</subfield>
    <subfield code="2">vmj</subfield>
  </datafield>
  <datafield tag="650" ind1=" " ind2="7">
    <subfield code="a">Rejet (Psychologie)</subfield>
    <subfield code="v">Fiction</subfield>
    <subfield code="2">vmj</subfield>
  </datafield>
  <datafield tag="650" ind1=" " ind2="7">
    <subfield code="a">Parents et enfants</subfield>
    <subfield code="v">Fiction</subfield>
    <subfield code="2">vmj</subfield>
  </datafield>
  <datafield tag="650" ind1=" " ind2="7">
    <subfield code="a">Inqui&#xEF;&#xBF;&#xBD;tude</subfield>
    <subfield code="v">Fiction</subfield>
    <subfield code="2">vmj</subfield>
  </datafield>
  <datafield tag="650" ind1=" " ind2="7">
    <subfield code="a">Enfants et adultes</subfield>
    <subfield code="v">Fiction</subfield>
    <subfield code="2">vmj</subfield>
  </datafield>
  <datafield tag="650" ind1=" " ind2="7">
    <subfield code="a">Relation d'aide</subfield>
    <subfield code="v">Fiction</subfield>
    <subfield code="2">vmj</subfield>
  </datafield>
  <datafield tag="650" ind1=" " ind2="7">
    <subfield code="a">Attention</subfield>
    <subfield code="v">Fiction</subfield>
    <subfield code="2">vmj</subfield>
  </datafield>
  <datafield tag="650" ind1=" " ind2="7">
    <subfield code="a">Animaux</subfield>
    <subfield code="v">Fiction</subfield>
    <subfield code="2">vmj</subfield>
  </datafield>
  <datafield tag="942" ind1=" " ind2=" ">
    <subfield code="2">ddc</subfield>
    <subfield code="c">ALBUM</subfield>
  </datafield>
  <datafield tag="999" ind1=" " ind2=" ">
    <subfield code="c">18807</subfield>
    <subfield code="d">18807</subfield>
  </datafield>
  <datafield tag="952" ind1=" " ind2=" ">
    <subfield code="0">0</subfield>
    <subfield code="1">0</subfield>
    <subfield code="2">ddc</subfield>
    <subfield code="4">0</subfield>
    <subfield code="7">0</subfield>
    <subfield code="a">HENRYVILLE</subfield>
    <subfield code="b">HENRYVILLE</subfield>
    <subfield code="d">2026-03-28</subfield>
    <subfield code="l">1</subfield>
    <subfield code="o">ALB LLE</subfield>
    <subfield code="p">30001030049649</subfield>
    <subfield code="r">2026-06-09 18:14:07</subfield>
    <subfield code="s">2026-05-28</subfield>
    <subfield code="w">2026-03-28</subfield>
    <subfield code="y">ALBUM</subfield>
  </datafield>
</record>
